[Event "Villarobledo Online Qualifyer"]
[Site "playchess.com #155672"]
[Date "2009.05.23"]
[Round "9"]
[White "Byrdmanjr"]
[Black "Imperatrix"]
[Result "1-0"]
[WhiteElo "1963"]
[BlackElo "1789"]
[PlyCount "37"]
[EventDate "2009.05.23"]
[EventType "swiss (blitz)"]

1. d4 {[%emt 0:00:02]} Nf6 {[%emt 0:00:02]} 2. Nf3 {[%emt 0:00:01]} g6 {[%emt
0:00:03]} 3. Nc3 {[%emt 0:00:01]} Bg7 {[%emt 0:00:02]} 4. e4 {[%emt 0:00:01]}
d6 {[%emt 0:00:01]} 5. Be3 {[%emt 0:00:01]} c6 {[%emt 0:00:03]} 6. Qd2 {[%emt
0:00:01]} b5 {[%emt 0:00:07]} 7. Bd3 {[%emt 0:00:02]} a5 {[%emt 0:00:05]} 8. a4
{[%emt 0:00:05]} b4 {[%emt 0:00:01]} 9. Ne2 {[%emt 0:00:01]} Be6 {[%emt 0:00:
04]} 10. c3 {[%emt 0:00:03]} c5 {[%emt 0:00:04]} 11. Ng3 {[%emt 0:00:01]} O-O {
[%emt 0:00:06]} 12. Bh6 {[%emt 0:00:19]} c4 {[%emt 0:00:03]} 13. Bb1 {[%emt 0:
00:12]} bxc3 {[%emt 0:00:13]} 14. bxc3 {[%emt 0:00:02]} Nbd7 {[%emt 0:00:11]}
15. h4 {[%emt 0:00:05]} Bg4 {[%emt 0:00:05]} 16. h5 {[%emt 0:00:08]} Nxh5 {
[%emt 0:00:12]} 17. Nxh5 {[%emt 0:00:04]} Bxh5 {[%emt 0:00:01]} 18. Rxh5 {
[%emt 0:00:02]} gxh5 {[%emt 0:00:01]} 19. Qg5 {[%emt 0:00:02] Imperatrix
resigns} 1-0

[Event "Villarobledo Online Qualifyer"]
[Site "playchess.com #155672"]
[Date "2009.05.23"]
[Round "9"]
[White "The great master"]
[Black "retep1"]
[Result "1-0"]
[WhiteElo "1430"]
[BlackElo "1515"]
[PlyCount "30"]
[EventDate "2009.05.23"]
[EventType "swiss (blitz)"]

1. c4 {[%emt 0:00:02]} e6 {[%emt 0:00:03]} 2. Nc3 {[%emt 0:00:01]} d5 {[%emt 0:
00:01]} 3. d4 {[%emt 0:00:02]} Nf6 {[%emt 0:00:03]} 4. Nf3 {[%emt 0:00:01]} c6
{[%emt 0:00:03]} 5. Bf4 {[%emt 0:00:02]} Bd6 {[%emt 0:00:02]} 6. Bxd6 {[%emt 0:
00:02]} Qxd6 {[%emt 0:00:01]} 7. e3 {[%emt 0:00:00]} dxc4 {[%emt 0:00:04]} 8.
Bxc4 {[%emt 0:00:02]} O-O {[%emt 0:00:02]} 9. O-O {[%emt 0:00:02]} b5 {[%emt 0:
00:04]} 10. Bb3 {[%emt 0:00:06]} Bb7 {[%emt 0:00:53]} 11. Re1 {[%emt 0:00:13]}
Nbd7 {[%emt 0:00:07]} 12. Bc2 {[%emt 0:00:09]} e5 {[%emt 0:00:07]} 13. dxe5 {
[%emt 0:00:06]} Qxd1 {[%emt 0:00:03]} 14. Raxd1 {[%emt 0:00:03]} Nd5 {[%emt 0:
00:04]} 15. Nxd5 {[%emt 0:00:06]} c5 {[%emt 0:00:01] retep1 gibt auf} 1-0

[Event "Villarobledo Online Qualifyer"]
[Site "playchess.com #155672"]
[Date "2009.05.23"]
[Round "9"]
[White "Lupi_linares"]
[Black "acepoint"]
[Result "1-0"]
[WhiteElo "1759"]
[BlackElo "1862"]
[PlyCount "39"]
[EventDate "2009.05.23"]
[EventType "swiss (blitz)"]

1. d4 {[%emt 0:00:05]} Nf6 {[%emt 0:00:02]} 2. c4 {[%emt 0:00:01]} e5 {[%emt 0:
00:01]} 3. dxe5 {[%emt 0:00:01]} Ng4 {[%emt 0:00:01]} 4. Nf3 {[%emt 0:00:01]}
Bc5 {[%emt 0:00:02]} 5. e3 {[%emt 0:00:03]} Nc6 {[%emt 0:00:02]} 6. Be2 {[%emt
0:00:01]} O-O {[%emt 0:00:01]} 7. O-O {[%emt 0:00:02]} Ngxe5 {[%emt 0:00:01]}
8. Nxe5 {[%emt 0:00:02]} Nxe5 {[%emt 0:00:01]} 9. Nc3 {[%emt 0:00:01]} a5 {
[%emt 0:00:03]} 10. Kh1 {[%emt 0:00:09]} Ra6 {[%emt 0:00:05]} 11. f4 {[%emt 0:
00:05]} Ng6 {[%emt 0:00:13]} 12. f5 {[%emt 0:00:13]} Ne5 {[%emt 0:00:03]} 13.
Ne4 {[%emt 0:00:02]} Be7 {[%emt 0:00:05]} 14. c5 {[%emt 0:00:10]} Rh6 {[%emt 0:
00:11]} 15. Qd5 {[%emt 0:00:20]} c6 {[%emt 0:00:08]} 16. Qxe5 {[%emt 0:00:03]}
Re8 {[%emt 0:00:07]} 17. Qd4 {[%emt 0:00:18]} Bf6 {[%emt 0:00:13]} 18. Nxf6+ {
[%emt 0:00:03]} Rxf6 {[%emt 0:00:00]} 19. e4 {[%emt 0:00:02]} Qe7 {[%emt 0:00:
01]} 20. Bg5 {[%emt 0:00:04] acepoint gibt auf} 1-0

[Event "Villarobledo Online Qualifyer"]
[Site "playchess.com #155672"]
[Date "2009.05.23"]
[Round "9"]
[White "Dominguez"]
[Black "Eddie"]
[Result "1-0"]
[WhiteElo "2133"]
[BlackElo "1941"]
[PlyCount "31"]
[EventDate "2009.05.23"]
[EventType "swiss (blitz)"]

1. e4 {[%emt 0:00:03]} Nf6 {[%emt 0:00:02]} 2. e5 {[%emt 0:00:03]} Nd5 {[%emt
0:00:01]} 3. Nc3 {[%emt 0:00:01]} Nxc3 {[%emt 0:00:02]} 4. dxc3 {[%emt 0:00:02]
} d6 {[%emt 0:00:01]} 5. Bc4 {[%emt 0:00:03]} Bf5 {[%emt 0:00:10]} 6. Qf3 {
[%emt 0:00:10]} d5 {[%emt 0:00:21]} 7. Bxd5 {[%emt 0:00:06]} c6 {[%emt 0:00:06]
} 8. Bxf7+ {[%emt 0:00:13]} Kxf7 {[%emt 0:00:09]} 9. Qxf5+ {[%emt 0:00:02]} Ke8
{[%emt 0:00:08]} 10. e6 {[%emt 0:00:02]} Qd5 {[%emt 0:00:17]} 11. Qf7+ {[%emt
0:00:04]} Kd8 {[%emt 0:00:02]} 12. Be3 {[%emt 0:00:02]} Qxg2 {[%emt 0:00:31]}
13. O-O-O+ {[%emt 0:00:03]} Kc7 {[%emt 0:00:03]} 14. Qf4+ {[%emt 0:00:04]} Kc8
{[%emt 0:00:09]} 15. Nf3 {[%emt 0:00:02]} g5 {[%emt 0:00:15]} 16. Qd4 {[%emt 0:
00:05] Eddie gibt auf} 1-0

[Event "Villarobledo Online Qualifyer"]
[Site "playchess.com #155672"]
[Date "2009.05.23"]
[Round "9"]
[White "Ozmarabagi"]
[Black "Cemcakan3"]
[Result "1-0"]
[WhiteElo "1883"]
[BlackElo "2193"]
[PlyCount "42"]
[EventDate "2009.05.23"]
[EventType "swiss (blitz)"]

1. e4 {[%emt 0:00:05]} c6 {[%emt 0:00:01]} 2. d4 {[%emt 0:00:07]} d5 {[%emt 0:
00:01]} 3. exd5 {[%emt 0:00:04]} cxd5 {[%emt 0:00:01]} 4. c4 {[%emt 0:00:05]}
Nf6 {[%emt 0:00:01]} 5. Nc3 {[%emt 0:00:04]} e6 {[%emt 0:00:00]} 6. Nf3 {[%emt
0:00:04]} Be7 {[%emt 0:00:00]} 7. cxd5 {[%emt 0:00:04]} Nxd5 {[%emt 0:00:00]}
8. Bd3 {[%emt 0:00:05]} O-O {[%emt 0:00:01]} 9. O-O {[%emt 0:00:04]} Nc6 {
[%emt 0:00:00]} 10. Re1 {[%emt 0:00:04]} Bf6 {[%emt 0:00:01]} 11. a3 {[%emt 0:
00:04]} b6 {[%emt 0:00:03]} 12. Nxd5 {[%emt 0:00:06]} Qxd5 {[%emt 0:00:23]} 13.
Qc2 {[%emt 0:00:05]} Nxd4 {[%emt 0:00:13]} 14. Nxd4 {[%emt 0:00:06]} Qxd4 {
[%emt 0:00:09]} 15. Bxh7+ {[%emt 0:00:05]} Kh8 {[%emt 0:00:01]} 16. Be4 {[%emt
0:00:03]} Rb8 {[%emt 0:00:22]} 17. Qe2 {[%emt 0:00:06]} g6 {[%emt 0:00:08]} 18.
Rd1 {[%emt 0:00:05]} Qe5 {[%emt 0:00:11]} 19. Qf3 {[%emt 0:00:05]} Qc7 {[%emt
0:00:52]} 20. Qxf6+ {[%emt 0:00:09]} Kg8 {[%emt 0:00:04]} 21. Bh6 {[%emt 0:00:
06]} Qxh2+ {[%emt 0:00:09] Cemcakan3 resigns} 1-0

[Event "Villarobledo Online Qualifyer"]
[Site "playchess.com #155672"]
[Date "2009.05.23"]
[Round "9"]
[White "Elo 84"]
[Black "Too Easy"]
[Result "0-1"]
[WhiteElo "1675"]
[BlackElo "1596"]
[PlyCount "83"]
[EventDate "2009.05.23"]
[EventType "swiss (blitz)"]

1. e4 {[%emt 0:00:01]} c5 {[%emt 0:00:01]} 2. Nf3 {[%emt 0:00:01]} d6 {[%emt 0:
00:01]} 3. d4 {[%emt 0:00:01]} cxd4 {[%emt 0:00:00]} 4. Nxd4 {[%emt 0:00:04]}
Nf6 {[%emt 0:00:00]} 5. Nc3 {[%emt 0:00:02]} a6 {[%emt 0:00:01]} 6. a4 {[%emt
0:00:02]} e6 {[%emt 0:00:02]} 7. g3 {[%emt 0:00:01]} Qc7 {[%emt 0:00:01]} 8.
Bg2 {[%emt 0:00:01]} Be7 {[%emt 0:00:00]} 9. O-O {[%emt 0:00:01]} O-O {[%emt 0:
00:05]} 10. h3 {[%emt 0:00:01]} Nbd7 {[%emt 0:00:08]} 11. f4 {[%emt 0:00:02]}
Rb8 {[%emt 0:00:02]} 12. Be3 {[%emt 0:00:03]} b6 {[%emt 0:00:01]} 13. Nb3 {
[%emt 0:00:05]} Bb7 {[%emt 0:00:01]} 14. g4 {[%emt 0:00:02]} Rfd8 {[%emt 0:00:
08]} 15. Qe2 {[%emt 0:00:03]} h6 {[%emt 0:00:06]} 16. Rad1 {[%emt 0:00:02]} Re8
{[%emt 0:00:03]} 17. g5 {[%emt 0:00:01]} hxg5 {[%emt 0:00:01]} 18. fxg5 {[%emt
0:00:01]} Nh7 {[%emt 0:00:11]} 19. Qh5 {[%emt 0:00:05]} g6 {[%emt 0:00:05]} 20.
Qh6 {[%emt 0:00:01]} Ne5 {[%emt 0:00:16]} 21. h4 {[%emt 0:00:07]} Ng4 {[%emt 0:
00:04]} 22. Rf3 {[%emt 0:00:27]} Nxh6 {[%emt 0:00:02]} 23. gxh6 {[%emt 0:00:00]
} Bxh4 {[%emt 0:00:03]} 24. Rdf1 {[%emt 0:00:01]} f5 {[%emt 0:00:05]} 25. Rh3 {
[%emt 0:00:05]} Bf6 {[%emt 0:00:09]} 26. exf5 {[%emt 0:00:01]} exf5 {[%emt 0:
00:02]} 27. Nd5 {[%emt 0:00:04]} Bxd5 {[%emt 0:00:01]} 28. Bxd5+ {[%emt 0:00:
02]} Kh8 {[%emt 0:00:01]} 29. Nd4 {[%emt 0:00:05]} Rxe3 {[%emt 0:00:11]} 30.
Nc6 {[%emt 0:00:03]} Rxh3 {[%emt 0:00:04]} 31. Nxb8 {[%emt 0:00:03]} Qxb8 {
[%emt 0:00:04]} 32. Re1 {[%emt 0:00:02]} Be5 {[%emt 0:00:02]} 33. Kg2 {[%emt 0:
00:02]} Rg3+ {[%emt 0:00:02]} 34. Kf2 {[%emt 0:00:01]} Qc7 {[%emt 0:00:01]} 35.
c3 {[%emt 0:00:02]} Qc5+ {[%emt 0:00:02]} 36. Kf1 {[%emt 0:00:03]} Qxd5 {[%emt
0:00:02]} 37. Rxe5 {[%emt 0:00:02]} Qh1+ {[%emt 0:00:24]} 38. Kf2 {[%emt 0:00:
04]} Qg1+ {[%emt 0:00:02]} 39. Ke2 {[%emt 0:00:01]} dxe5 {[%emt 0:00:02]} 40.
b4 {[%emt 0:00:02]} Re3+ {[%emt 0:00:02]} 41. Kd2 {[%emt 0:00:01]} Qf2+ {[%emt
0:00:01]} 42. Kc1 {[%emt 0:00:01] Elo 84 abandonne} 0-1

[Event "Villarobledo Online Qualifyer"]
[Site "playchess.com #155672"]
[Date "2009.05.23"]
[Round "9"]
[White "Unicorn"]
[Black "HappyTriggerFool"]
[Result "1-0"]
[WhiteElo "2557"]
[BlackElo "2497"]
[PlyCount "47"]
[EventDate "2009.05.23"]
[EventType "swiss (blitz)"]

1. d4 {[%emt 0:00:01]} d6 {[%emt 0:00:02]} 2. c4 {[%emt 0:00:01]} g6 {[%emt 0:
00:00]} 3. Nc3 {[%emt 0:00:01]} Bg7 {[%emt 0:00:00]} 4. e4 {[%emt 0:00:01]} Nc6
{[%emt 0:00:02]} 5. Be3 {[%emt 0:00:05]} e5 {[%emt 0:00:01]} 6. Nge2 {[%emt 0:
00:02]} exd4 {[%emt 0:00:15]} 7. Nxd4 {[%emt 0:00:00]} Bd7 {[%emt 0:00:00]} 8.
Be2 {[%emt 0:00:02]} Nf6 {[%emt 0:00:01]} 9. O-O {[%emt 0:00:01]} O-O {[%emt 0:
00:01]} 10. f3 {[%emt 0:00:03]} Re8 {[%emt 0:00:01]} 11. Qd2 {[%emt 0:00:03]}
a6 {[%emt 0:00:05]} 12. Rad1 {[%emt 0:00:02]} Be6 {[%emt 0:00:10]} 13. Nxc6 {
[%emt 0:00:02]} bxc6 {[%emt 0:00:01]} 14. Bh6 {[%emt 0:00:01]} Bh8 {[%emt 0:00:
02]} 15. Kh1 {[%emt 0:00:06]} Rb8 {[%emt 0:00:05]} 16. Bg5 {[%emt 0:00:04]} Qd7
{[%emt 0:00:03]} 17. f4 {[%emt 0:00:09]} Bg4 {[%emt 0:00:07]} 18. e5 {[%emt 0:
00:12]} Bxe2 {[%emt 0:00:08]} 19. Qxe2 {[%emt 0:00:01]} Qc8 {[%emt 0:00:21]}
20. Qf3 {[%emt 0:00:05]} Nd7 {[%emt 0:00:25]} 21. Ne4 {[%emt 0:00:14]} h6 {
[%emt 0:00:30]} 22. Bxh6 {[%emt 0:00:07]} dxe5 {[%emt 0:00:03]} 23. f5 {[%emt
0:00:02]} Nf8 {[%emt 0:00:13]} 24. fxg6 {[%emt 0:00:07] HappyTriggerFool gibt
auf} 1-0

[Event "Villarobledo Online Qualifyer"]
[Site "playchess.com #155672"]
[Date "2009.05.23"]
[Round "9"]
[White "BigBee"]
[Black "Burim999"]
[Result "1-0"]
[WhiteElo "1779"]
[BlackElo "1596"]
[PlyCount "97"]
[EventDate "2009.05.23"]
[EventType "swiss (blitz)"]

1. d4 {[%emt 0:00:01]} Nf6 {[%emt 0:00:02]} 2. Nf3 {[%emt 0:00:02]} d5 {[%emt
0:00:01]} 3. c4 {[%emt 0:00:02]} e6 {[%emt 0:00:01]} 4. cxd5 {[%emt 0:00:01]}
exd5 {[%emt 0:00:01]} 5. Nc3 {[%emt 0:00:01]} Bf5 {[%emt 0:00:02]} 6. Bg5 {
[%emt 0:00:02]} Bb4 {[%emt 0:00:02]} 7. e3 {[%emt 0:00:01]} O-O {[%emt 0:00:02]
} 8. Rc1 {[%emt 0:00:06]} h6 {[%emt 0:00:01]} 9. Bh4 {[%emt 0:00:02]} Nbd7 {
[%emt 0:00:03]} 10. Ne5 {[%emt 0:00:06]} Be7 {[%emt 0:00:04]} 11. Nxd7 {[%emt
0:00:06]} Qxd7 {[%emt 0:00:03]} 12. Bd3 {[%emt 0:00:04]} Bxd3 {[%emt 0:00:08]}
13. Qxd3 {[%emt 0:00:01]} c6 {[%emt 0:00:02]} 14. O-O {[%emt 0:00:02]} Rfe8 {
[%emt 0:00:04]} 15. a3 {[%emt 0:00:03]} Qg4 {[%emt 0:00:01]} 16. Bg3 {[%emt 0:
00:03]} h5 {[%emt 0:00:03]} 17. h3 {[%emt 0:00:04]} Qe6 {[%emt 0:00:06]} 18.
Na4 {[%emt 0:00:09]} b6 {[%emt 0:00:06]} 19. Nc3 {[%emt 0:00:08]} Ne4 {[%emt 0:
00:03]} 20. Nxe4 {[%emt 0:00:03]} dxe4 {[%emt 0:00:01]} 21. Qc4 {[%emt 0:00:03]
} Qxc4 {[%emt 0:00:03]} 22. Rxc4 {[%emt 0:00:01]} Rec8 {[%emt 0:00:02]} 23.
Rfc1 {[%emt 0:00:02]} c5 {[%emt 0:00:02]} 24. a4 {[%emt 0:00:07]} f5 {[%emt 0:
00:02]} 25. b4 {[%emt 0:00:05]} g5 {[%emt 0:00:08]} 26. Be5 {[%emt 0:00:03]}
Kf7 {[%emt 0:00:08]} 27. bxc5 {[%emt 0:00:02]} bxc5 {[%emt 0:00:01]} 28. dxc5 {
[%emt 0:00:02]} Rd8 {[%emt 0:00:06]} 29. c6 {[%emt 0:00:05]} Rd5 {[%emt 0:00:
07]} 30. c7 {[%emt 0:00:07]} Rc8 {[%emt 0:00:01]} 31. Bd4 {[%emt 0:00:04]} Rd7
{[%emt 0:00:05]} 32. Bxa7 {[%emt 0:00:03]} Bd6 {[%emt 0:00:09]} 33. Bb8 {[%emt
0:00:05]} Ke6 {[%emt 0:00:07]} 34. a5 {[%emt 0:00:02]} f4 {[%emt 0:00:15]} 35.
a6 {[%emt 0:00:03]} fxe3 {[%emt 0:00:05]} 36. fxe3 {[%emt 0:00:04]} Bxc7 {
[%emt 0:00:04]} 37. Bxc7 {[%emt 0:00:02]} Kf5 {[%emt 0:00:06]} 38. a7 {[%emt 0:
00:02]} Ra8 {[%emt 0:00:03]} 39. Bb8 {[%emt 0:00:02]} g4 {[%emt 0:00:05]} 40.
Rc5+ {[%emt 0:00:02]} Ke6 {[%emt 0:00:01]} 41. Rxh5 {[%emt 0:00:02]} Rdxa7 {
[%emt 0:00:01]} 42. Bxa7 {[%emt 0:00:02]} Rxa7 {[%emt 0:00:01]} 43. hxg4 {
[%emt 0:00:01]} Rg7 {[%emt 0:00:01]} 44. g5 {[%emt 0:00:05]} Rd7 {[%emt 0:00:
02]} 45. g6 {[%emt 0:00:05]} Kf6 {[%emt 0:00:01]} 46. Rc6+ {[%emt 0:00:03]} Kg7
{[%emt 0:00:01]} 47. Rh7+ {[%emt 0:00:01]} Kg8 {[%emt 0:00:01]} 48. Rc8+ {
[%emt 0:00:02]} Rd8 {[%emt 0:00:02]} 49. Rxd8# {[%emt 0:00:01]} 1-0

[Event "Villarobledo Online Qualifyer"]
[Site "playchess.com #155672"]
[Date "2009.05.23"]
[Round "9"]
[White "Peterdrost"]
[Black "-st!er-"]
[Result "0-1"]
[WhiteElo "2244"]
[BlackElo "2750"]
[PlyCount "62"]
[EventDate "2009.05.23"]
[EventType "swiss (blitz)"]

1. d4 {[%emt 0:00:01]} Nf6 {[%emt 0:00:01]} 2. c4 {[%emt 0:00:01]} g6 {[%emt 0:
00:01]} 3. Nf3 {[%emt 0:00:01]} Bg7 {[%emt 0:00:01]} 4. g3 {[%emt 0:00:00]} O-O
{[%emt 0:00:01]} 5. Bg2 {[%emt 0:00:00]} c6 {[%emt 0:00:01]} 6. O-O {[%emt 0:
00:01]} d5 {[%emt 0:00:00]} 7. Nc3 {[%emt 0:00:29]} dxc4 {[%emt 0:00:08]} 8. e4
{[%emt 0:00:11]} Nbd7 {[%emt 0:00:06]} 9. a4 {[%emt 0:00:07]} a5 {[%emt 0:00:
02]} 10. h3 {[%emt 0:00:06]} Nb6 {[%emt 0:00:01]} 11. Be3 {[%emt 0:00:01]} Nfd7
{[%emt 0:00:14]} 12. Qe2 {[%emt 0:00:10]} e5 {[%emt 0:00:03]} 13. Rfd1 {[%emt
0:00:02]} exd4 {[%emt 0:00:01]} 14. Bxd4 {[%emt 0:00:03]} Bxd4 {[%emt 0:00:02]}
15. Rxd4 {[%emt 0:00:01]} Qe7 {[%emt 0:00:03]} 16. Rd2 {[%emt 0:00:11]} Nc5 {
[%emt 0:00:03]} 17. Qe3 {[%emt 0:00:08]} Nbd7 {[%emt 0:00:08]} 18. Re1 {[%emt
0:00:07]} f6 {[%emt 0:01:05]} 19. Bf1 {[%emt 0:00:04]} Ne5 {[%emt 0:00:06]} 20.
Nxe5 {[%emt 0:00:03]} fxe5 {[%emt 0:00:01]} 21. Bxc4+ {[%emt 0:00:01]} Kg7 {
[%emt 0:00:00]} 22. Kg2 {[%emt 0:00:08]} Be6 {[%emt 0:00:05]} 23. Bxe6 {[%emt
0:00:03]} Nxe6 {[%emt 0:00:00]} 24. Red1 {[%emt 0:00:09]} Nd4 {[%emt 0:00:01]}
25. Ne2 {[%emt 0:00:01]} c5 {[%emt 0:00:01]} 26. f4 {[%emt 0:00:09]} Rad8 {
[%emt 0:00:11]} 27. Nc3 {[%emt 0:00:01]} b6 {[%emt 0:00:08]} 28. Nd5 {[%emt 0:
00:05]} Qb7 {[%emt 0:00:02]} 29. Rf2 {[%emt 0:00:21]} exf4 {[%emt 0:00:06]} 30.
Nxf4 {[%emt 0:00:05]} Rfe8 {[%emt 0:00:03]} 31. h4 {[%emt 0:00:02]} Rxe4 {
[%emt 0:00:01] Peterdrost geeft op} 0-1

[Event "Villarobledo Online Qualifyer"]
[Site "playchess.com #155672"]
[Date "2009.05.23"]
[Round "9"]
[White "jchess06"]
[Black "Q2w3e"]
[Result "1-0"]
[WhiteElo "1809"]
[BlackElo "1581"]
[PlyCount "57"]
[EventDate "2009.05.23"]
[EventType "swiss (blitz)"]

1. d4 {[%emt 0:00:01]} d5 {[%emt 0:00:05]} 2. c3 {[%emt 0:00:00]} Nf6 {[%emt 0:
00:02]} 3. Nf3 {[%emt 0:00:00]} c5 {[%emt 0:00:01]} 4. Bg5 {[%emt 0:00:01]} Nc6
{[%emt 0:00:01]} 5. e3 {[%emt 0:00:01]} e6 {[%emt 0:00:03]} 6. Bd3 {[%emt 0:00:
00]} Be7 {[%emt 0:00:03]} 7. Nbd2 {[%emt 0:00:01]} O-O {[%emt 0:00:01]} 8. Qe2
{[%emt 0:00:00]} h6 {[%emt 0:00:01]} 9. Bh4 {[%emt 0:00:01]} cxd4 {[%emt 0:00:
08]} 10. cxd4 {[%emt 0:00:01]} a6 {[%emt 0:00:02]} 11. e4 {[%emt 0:00:00]} dxe4
{[%emt 0:00:02]} 12. Nxe4 {[%emt 0:00:00]} Nxd4 {[%emt 0:00:11]} 13. Nxf6+ {
[%emt 0:00:03]} Bxf6 {[%emt 0:00:03]} 14. Qe4 {[%emt 0:00:01]} Nxf3+ {[%emt 0:
00:39]} 15. gxf3 {[%emt 0:00:00]} Qa5+ {[%emt 0:00:14]} 16. Kf1 {[%emt 0:00:11]
} Qf5 {[%emt 0:00:13] jchess06 reconnected.} 17. Qe3 {[%emt 0:00:02]} Qe5 {
[%emt 0:00:12]} 18. Bxf6 {[%emt 0:00:06]} Qxf6 {[%emt 0:00:12]} 19. Qe4 {[%emt
0:00:04]} Qf5 {[%emt 0:00:27]} 20. Qe3 {[%emt 0:00:17]} Qh3+ {[%emt 0:00:08]}
21. Ke2 {[%emt 0:00:02]} b5 {[%emt 0:00:04]} 22. Qe4 {[%emt 0:00:01]} Qf5 {
[%emt 0:00:26]} 23. Qxa8 {[%emt 0:00:02]} Qf6 {[%emt 0:00:19]} 24. Qe4 {[%emt
0:00:06]} g6 {[%emt 0:00:01]} 25. Rhg1 {[%emt 0:00:02]} Qxb2+ {[%emt 0:00:02]}
26. Bc2 {[%emt 0:00:01]} Bb7 {[%emt 0:00:04]} 27. Rxg6+ {[%emt 0:00:10]} fxg6 {
[%emt 0:00:04]} 28. Qxg6+ {[%emt 0:00:00]} Kh8 {[%emt 0:00:02]} 29. Qh7# {
[%emt 0:00:05]} 1-0

[Event "Villarobledo Online Qualifyer"]
[Site "playchess.com #155672"]
[Date "2009.05.23"]
[Round "9"]
[White "Kasimito"]
[Black "MateJaque"]
[Result "1-0"]
[WhiteElo "1932"]
[BlackElo "2159"]
[PlyCount "79"]
[EventDate "2009.05.23"]
[EventType "swiss (blitz)"]

1. e4 {[%emt 0:00:09]} c5 {[%emt 0:00:03]} 2. Nf3 {[%emt 0:00:03]} Nc6 {[%emt
0:00:01]} 3. d4 {[%emt 0:00:09]} cxd4 {[%emt 0:00:01]} 4. Nxd4 {[%emt 0:00:03]}
g6 {[%emt 0:00:01]} 5. Be3 {[%emt 0:00:04]} Bg7 {[%emt 0:00:01]} 6. c4 {[%emt
0:00:03]} d6 {[%emt 0:00:09]} 7. Nc3 {[%emt 0:00:04]} Nf6 {[%emt 0:00:01]} 8.
Be2 {[%emt 0:00:04]} O-O {[%emt 0:00:02]} 9. Qd2 {[%emt 0:00:03]} Re8 {[%emt 0:
00:04]} 10. f3 {[%emt 0:00:04]} Bd7 {[%emt 0:00:04]} 11. O-O {[%emt 0:00:04]}
Nxd4 {[%emt 0:00:05]} 12. Bxd4 {[%emt 0:00:04]} Bc6 {[%emt 0:00:01]} 13. Rfd1 {
[%emt 0:00:06]} b6 {[%emt 0:00:03]} 14. Nd5 {[%emt 0:00:06]} Nxd5 {[%emt 0:00:
17]} 15. cxd5 {[%emt 0:00:05]} Bxd4+ {[%emt 0:00:05]} 16. Qxd4 {[%emt 0:00:04]}
Bd7 {[%emt 0:00:04]} 17. Ba6 {[%emt 0:00:08]} Bc8 {[%emt 0:00:08]} 18. Bb5 {
[%emt 0:00:05]} Bd7 {[%emt 0:00:01]} 19. Bc6 {[%emt 0:00:03]} Rc8 {[%emt 0:00:
06]} 20. Rac1 {[%emt 0:00:16]} Bxc6 {[%emt 0:00:05]} 21. dxc6 {[%emt 0:00:04]}
Qc7 {[%emt 0:00:13]} 22. a4 {[%emt 0:00:04]} a6 {[%emt 0:00:05]} 23. b4 {[%emt
0:00:04]} b5 {[%emt 0:00:01]} 24. a5 {[%emt 0:00:05]} Rb8 {[%emt 0:00:01]} 25.
f4 {[%emt 0:00:04]} e5 {[%emt 0:00:12]} 26. Qxd6 {[%emt 0:00:07]} Qxd6 {[%emt
0:00:01]} 27. Rxd6 {[%emt 0:00:07]} exf4 {[%emt 0:00:01]} 28. c7 {[%emt 0:00:
04]} Rbc8 {[%emt 0:00:05]} 29. Rxa6 {[%emt 0:00:03]} Kf8 {[%emt 0:00:12]} 30.
Rb6 {[%emt 0:00:04]} Ke7 {[%emt 0:00:02]} 31. Rxb5 {[%emt 0:00:04]} Kd6 {[%emt
0:00:09]} 32. Rd5+ {[%emt 0:00:08]} Ke6 {[%emt 0:00:01]} 33. b5 {[%emt 0:00:05]
} f5 {[%emt 0:00:01]} 34. Rc6+ {[%emt 0:00:05]} Kf7 {[%emt 0:00:02]} 35. b6 {
[%emt 0:00:03]} fxe4 {[%emt 0:00:01]} 36. b7 {[%emt 0:00:05]} e3 {[%emt 0:00:
01]} 37. Rd7+ {[%emt 0:00:05]} Kf8 {[%emt 0:00:05]} 38. bxc8=Q {[%emt 0:00:04]}
e2 {[%emt 0:00:01]} 39. Qxe8+ {[%emt 0:00:07]} Kxe8 {[%emt 0:00:01]} 40. c8=Q#
{[%emt 0:00:06]} 1-0

[Event "Villarobledo Online Qualifyer"]
[Site "playchess.com #155672"]
[Date "2009.05.23"]
[Round "9"]
[White "Hauberk"]
[Black "CubaChessPraxis"]
[Result "1-0"]
[WhiteElo "2332"]
[BlackElo "2137"]
[PlyCount "57"]
[EventDate "2009.05.23"]
[EventType "swiss (blitz)"]

1. e4 {[%emt 0:00:02]} c5 {[%emt 0:00:02]} 2. Nf3 {[%emt 0:00:02]} e6 {[%emt 0:
00:01]} 3. d4 {[%emt 0:00:01]} cxd4 {[%emt 0:00:01]} 4. Nxd4 {[%emt 0:00:00]}
a6 {[%emt 0:00:01]} 5. Nc3 {[%emt 0:00:04]} Qc7 {[%emt 0:00:01]} 6. Bd3 {[%emt
0:00:02]} Nf6 {[%emt 0:00:02]} 7. f4 {[%emt 0:00:08]} d6 {[%emt 0:00:09]} 8.
Nf3 {[%emt 0:00:02]} Be7 {[%emt 0:00:02]} 9. e5 {[%emt 0:00:11]} Nfd7 {[%emt 0:
00:10]} 10. O-O {[%emt 0:00:23]} Nc6 {[%emt 0:00:05]} 11. exd6 {[%emt 0:00:02]}
Bxd6 {[%emt 0:00:02]} 12. Ne4 {[%emt 0:00:03]} Be7 {[%emt 0:00:01]} 13. b3 {
[%emt 0:00:15]} Nc5 {[%emt 0:00:02]} 14. Bb2 {[%emt 0:00:01]} Nxd3 {[%emt 0:00:
04]} 15. cxd3 {[%emt 0:00:06]} O-O {[%emt 0:00:03]} 16. Kh1 {[%emt 0:00:08]} b5
{[%emt 0:00:10]} 17. Ne5 {[%emt 0:00:05]} Bb7 {[%emt 0:00:03]} 18. Rc1 {[%emt
0:00:01]} Rfd8 {[%emt 0:00:09]} 19. Qh5 {[%emt 0:00:07]} Bf8 {[%emt 0:01:06]}
20. Ng5 {[%emt 0:00:16]} h6 {[%emt 0:00:02]} 21. Ngxf7 {[%emt 0:00:06]} Rd5 {
[%emt 0:00:02]} 22. Qg6 {[%emt 0:00:08]} Nxe5 {[%emt 0:00:07]} 23. Nxe5 {[%emt
0:00:04]} Qe7 {[%emt 0:00:11]} 24. Rce1 {[%emt 0:00:12]} Qe8 {[%emt 0:00:03]}
25. Qg4 {[%emt 0:00:05]} Rc8 {[%emt 0:00:05]} 26. Ng6 {[%emt 0:00:09]} Rxd3 {
[%emt 0:00:07]} 27. Rxe6 {[%emt 0:00:08]} Qd7 {[%emt 0:00:13]} 28. Ne7+ {[%emt
0:00:17]} Bxe7 {[%emt 0:00:07]} 29. Qxg7# {[%emt 0:00:02]} 1-0